El realismo filosófico / (Record no. 176659)

MARC details
000 -LEADER
campo de control de longitud fija 00961nam a22002535i 4500
001 - NÚMERO DE CONTROL
campo de control 176659
003 - IDENTIFICADOR DE NÚMERO DE CONTROL
campo de control ES-MaACL
005 - FECHA Y HORA DE LA ÚLTIMA TRANSACCIÓN
campo de control 20251009191227.0
008 - DATOS DE LONGITUD FIJA--INFORMACIÓN GENERAL
campo de control de longitud fija 110131s2008 sp |||| | spa d
080 ## - NÚMERO DE LA CLASIFICACIÓN DECIMAL UNIVERSAL
Número de la Clasificación Decimal Universal 1 Millán Puelles, Antonio
080 ## - NÚMERO DE LA CLASIFICACIÓN DECIMAL UNIVERSAL
Número de la Clasificación Decimal Universal 165.82
245 03 - MENCIÓN DEL TÍTULO
Título El realismo filosófico /
Mención de responsabilidad, etc. Miguel Acosta López ... [et al.] ; Javier Borrego Gutiérrez, Antonio Piñas Mesa (editores).
260 ## - PUBLICACIÓN, DISTRIBUCIÓN, ETC.
Lugar de publicación, distribución, etc. Madrid :
Nombre del editor, distribuidor, etc. CEU,
Fecha de publicación, distribución, etc. D. L. 2008.
300 ## - DESCRIPCIÓN FÍSICA
Extensión 62 p. ;
Dimensiones 30 cm.
490 1# - MENCIÓN DE SERIE
Mención de serie Documenta laboris. Serie Filosofía ;
Designación de volumen o secuencia 1/2008
600 17 - PUNTO DE ACCESO ADICIONAL DE MATERIA--NOMBRE DE PERSONA
Nombre de persona Millán Puelles, Antonio,
Fechas asociadas al nombre 1921-2005-
Subdivisión general Crítica e interpretación
Fuente del encabezamiento o término
9 (RLIN) 144931
650 04 - PUNTO DE ACCESO ADICIONAL DE MATERIA--TÉRMINO DE MATERIA
Término de materia o nombre geográfico como elemento de entrada Realismo.
9 (RLIN) 16685
700 1# - ENTRADA AGREGADA--NOMBRE PERSONAL
Nombre de persona Acosta López, Miguel.
9 (RLIN) 144928
700 1# - ENTRADA AGREGADA--NOMBRE PERSONAL
Nombre de persona Borrego Gutiérrez, Javier.
9 (RLIN) 144929
700 1# - ENTRADA AGREGADA--NOMBRE PERSONAL
Nombre de persona Piñas Mesa, Antonio,
Fechas asociadas al nombre 1974-
9 (RLIN) 144930
830 0# - PUNTO DE ACCESO ADICIONAL DE SERIE-TÍTULO UNIFORME
Título uniforme Documenta laboris. Serie Filosofía ;
Designación de volumen o secuencia 1/2008
9 (RLIN) 224050
852 ## - LOCALIZACIÓN
Ubicación ES-MaACL
Número de control de estantería 2287-F-13
Holdings
Estatus retirado Estado de pérdida Estado de daño No para préstamo Colección Biblioteca de origen Biblioteca actual Ubicación en estantería Fecha de adquisición Fuente de adquisición Total de préstamos Signatura topográfica completa Código de barras Visto por última vez Precio de reemplazo Tipo de ítem Koha
        Colección de folletos Biblioteca del Ateneo de Madrid Biblioteca del Ateneo de Madrid Depósito folletos 31/01/2011     2287-F-13 1185525 23/02/2023 23/02/2023 Folleto